How To Pass Advanced Aptitude Tests (Record no. 305486)

MARC details
000 -LEADER
fixed length control field 00403nam a2200157Ia 4500
008 - FIXED-LENGTH DATA ELEMENTS--GENERAL INFORMATION
fixed length control field 230718s9999 xx 000 0 und d
041 ## - LANGUAGE CODE
Language code of text/sound track or separate title eng
082 ## - DEWEY DECIMAL CLASSIFICATION NUMBER
Classification number 153.93
Item number BAR
100 ## - MAIN ENTRY--PERSONAL NAME
Personal name Barrett J.
9 (RLIN) 108224
245 ## - TITLE STATEMENT
Title How To Pass Advanced Aptitude Tests
260 ## - PUBLICATION, DISTRIBUTION, ETC. (IMPRINT)
Date of publication, distribution, etc. 2003
Name of publisher, distributor, etc. Kogan Page
300 ## - PHYSICAL DESCRIPTION
Extent 194
365 ## - TRADE PRICE
Currency code Rs.
Price amount 150.00
700 ## - ADDED ENTRY--PERSONAL NAME
Personal name Barrett J.
9 (RLIN) 108224
906 ## - LOCAL DATA ELEMENT F, LDF (RLIN)
d B:74717-Jun-2003
c OTH
b 30
Holdings
Withdrawn status Lost status Damaged status Not for loan Home library Current library Date acquired Vendor Budget Code Cost, normal purchase price Bill number Total Checkouts Full call number Barcode Date last seen Discount Cost, replacement price Bill Date Koha item type Original Barcode
        Cummins College of Engineering for Women Pune Cummins College of Engineering for Women Pune 02/07/2003 Technical Book Services OTH 120.00 747   153.93 CCEP-BK-16693 18/07/2023 30 150.00 17/06/2003 Books 016693